Greece : Staff Report for the 2006 Article IV Consultation.

This 2006 Article IV Consultation highlights that economic growth of Greece has been strong for several years, underpinned by a rapid increase in private sector credit, following the liberalization of the financial sector and the sharp drop in interest rates. In 2006, real GDP rose by an estimated 4...

Fuld beskrivelse

Bibliografiske detaljer
Institution som forfatter: International Monetary Fund
Format: Tidsskrift
Sprog:English
Udgivet: Washington, D.C. : International Monetary Fund, 2007.
Serier:IMF Staff Country Reports; Country Report ; No. 2007/026
Online adgang:Full text available on IMF
LEADER 01671cas a2200241 a 4500
001 AALejournalIMF004706
008 230101c9999 xx r poo 0 0eng d
020 |c 5.00 USD 
020 |z 9781451816273 
022 |a 1934-7685 
040 |a BD-DhAAL  |c BD-DhAAL 
110 2 |a International Monetary Fund. 
245 1 0 |a Greece :   |b Staff Report for the 2006 Article IV Consultation. 
264 1 |a Washington, D.C. :  |b International Monetary Fund,  |c 2007. 
300 |a 1 online resource (55 pages) 
490 1 |a IMF Staff Country Reports 
500 |a <strong>Off-Campus Access:</strong> No User ID or Password Required 
500 |a <strong>On-Campus Access:</strong> No User ID or Password Required 
506 |a Electronic access restricted to authorized BRAC University faculty, staff and students 
520 3 |a This 2006 Article IV Consultation highlights that economic growth of Greece has been strong for several years, underpinned by a rapid increase in private sector credit, following the liberalization of the financial sector and the sharp drop in interest rates. In 2006, real GDP rose by an estimated 4.1 percent, driven by private domestic demand and a pickup in goods exports. The authorities have introduced a number of significant structural measures to improve product markets. These include simplified business licensing procedures for industrial firms, more flexible overtime, and liberalization of network industries. 
538 |a Mode of access: Internet 
830 0 |a IMF Staff Country Reports; Country Report ;  |v No. 2007/026 
856 4 0 |z Full text available on IMF  |u http://elibrary.imf.org/view/journals/002/2007/026/002.2007.issue-026-en.xml  |z IMF e-Library